Statistiques concernant Trouvez les paroles #6

Cliquez ici pour prendre le quiz!

Statistiques générales

  • Ce quiz a été pris 347 fois
  • Le résultat moyen est 213 sur 278

Statistiques - réponses

Paroles % Correct
J-
99%
J-
99%
J-
99%
La
99%
Le
99%
Le
99%
Le
99%
La
99%
Le
99%
La
99%
À
99%
J-
99%
Le
99%
La
99%
À
99%
Le
99%
La
99%
Le
99%
J-
99%
Le
99%
Le
99%
Le
99%
Le
99%
À
99%
Le
99%
La
99%
À
99%
La
99%
Le
99%
À
99%
La
99%
À
99%
De
98%
De
98%
Jerk
98%
De
98%
Jerk
98%
De
98%
Je
98%
Dans
98%
Jerk
98%
De
98%
Dans
98%
De
98%
De
98%
De
98%
Jerk
98%
De
98%
Jerk
98%
Jerk
98%
Jerk
98%
Dans
98%
Jerk
98%
Danse
97%
Pour
96%
Pour
96%
Pour
96%
Danser
94%
Danser
94%
Sur
94%
Sur
94%
Musique
94%
Musique
94%
Aller
94%
Musique
94%
Sur
94%
Aller
94%
Sur
94%
Aller
94%
Danser
94%
Musique
94%
Sur
94%
Les
92%
Les
92%
Les
92%
Les
92%
Les
92%
Les
92%
Elle
90%
Elle
90%
Elle
90%
Du
88%
Du
88%
Du
88%
Du
88%
Du
88%
Du
88%
Il
86%
Se
86%
Il
86%
Il
86%
Ça
86%
Il
86%
Il
86%
Se
86%
Se
86%
Au
85%
Pop
85%
Pop
85%
Au
85%
Pop
85%
Sa
85%
Pop
85%
Au
85%
Sa
85%
Et
84%
Et
84%
Et
84%
Et
84%
Et
84%
Et
84%
Et
84%
Et
84%
Et
84%
Et
84%
Et
84%
Jour
82%
Des
82%
Des
82%
Des
82%
Que
81%
Joséphine
81%
Tout
81%
Que
81%
Joséphine
81%
Un
81%
Joséphine
81%
Joséphine
81%
Un
81%
Ou
80%
Une
77%
Une
77%
Qui
76%
Machine
76%
Son
76%
Quand
75%
Sous
75%
Quand
75%
Sous
75%
Quand
75%
Taper
74%
Sort
74%
Bus
74%
Comme
74%
Club
74%
Journée
74%
Téléphone
74%
Comme
74%
Bus
74%
Club
74%
Sort
74%
Comme
74%
Toute
73%
Elles
73%
Gogo
73%
Gogo
73%
Elles
73%
Par
73%
Magazines
72%
Bon
72%
Bureau
72%
Bureau
72%
Beau
71%
Ils
71%
Ils
71%
Ils
71%
Tous
71%
Heures
71%
Dit
71%
Heures
71%
Dit
71%
Usine
71%
Tous
71%
Attend
71%
Cousine
71%
Yeux
71%
Dansent
70%
Dansent
70%
Olivia
70%
Termine
70%
Roger
69%
Roger
69%
Roger
69%
Roger
69%
Rivés
69%
Prend
69%
Aux
69%
Roger
69%
Roger
69%
Travaille
68%
Éclairs
68%
Hormones
68%
17
68%
17
68%
Tour
68%
Carbone
68%
Poitrine
68%
Éclairs
68%
18
68%
Trombone
68%
18
68%
Trombone
68%
Sent
68%
Poulet
68%
Cantine
67%
Chez
67%
Chez
67%
Joue
67%
Berthe
67%
Mange
66%
Vous
65%
Vous
65%
L'oxyde
65%
L'usine
65%
Vous
65%
Ce
64%
Beaucoup
64%
Lénine
64%
Midis
64%
Beaucoup
64%
Fanfare
63%
Ensemble
63%
Ensemble
63%
Newton-John
63%
Poser
63%
Lui
62%
Admire
62%
Admire
62%
Pourrait
61%
Moi
60%
Oh
60%
Êtes
60%
Matin
60%
Marièrent
60%
Êtes
60%
Qu'avec
60%
Genre
59%
Stroboscopes
58%
Dolly
58%
Dimanche
58%
Rencontra
58%
Stroboscopes
58%
Droit
57%
Parton
56%
Eurent
56%
Soir
56%
Mignonne
56%
Belle
55%
Lennon
55%
File
54%
D'hiver
54%
Venez
53%
Alphonse
53%
Kelton
52%
Jouerais
51%
Leur
50%
Leur
50%
Qu'ils
50%
Philibert
50%
Courent
50%
Leur
50%
Leur
50%
Prennent
48%
Aussitôt
48%
Apprirent
46%
Apprirent
46%
Apprirent
46%
Apprirent
46%
Quadruplés
44%
Vient
44%
Passe
43%
Arthur
40%
Prénommèrent
40%
Gustave
38%
Speakerine
36%
Woodstock
31%
Toutes
27%
Nuits
26%

Distribution des résultats

Percentile by Number Answered

% des personnes avec chaque résultat

Votre développement - résultats

Vous n’avez pas pris ce quiz